00595 2200205 4500001002100000005001500021035002000036007000300056008003900059082001700098084002400115100002000139245009900159260003400258300004100292650001100333650002100344600001100365022001300376INLIS00000000000130220250429110241 a0010-0425000034ta250429 | | |  a632.3-634.77 a632.3-634.77 TRI c0 aTripathi, Leena1 aControl of Bacterial Diseases of Banana Using CRISPR/Cas-Based Gene Editing /cTripathi, Leena aSwitzerland :bMDPI AG,c2022 a1-17 hlm, :bIlus ;c21 cm x 29,7 cm 4aJurnal 4aPenyakit Bakteri 4aPisang a14220067